00918nam a2200193 a 4500003000500000005001700005008004100022020001800063050002500081100002100106245006200127250001700189260005000206300004200256500005300298520032700351650002600678700002000704SISC20160823100616.0121030s19uu xx 00 eng d a9780230271715 aHB 171.5b.M956 2012 aMulhearn, Chris. aEconomics for business /cChris Mulhearn, Howard R. Vane. a2nd edition. aBasingstoke, UK :bPalgrave Macmillan,c2012. axxx, 460 pages :bcol. ill. ;c24 cm. aPrevious ed.: 2001. Includes glossary and index. aEconomics for Business is an engaging introductory text, full of examples and cases enabling students to grasp complex economic theory and understand its relevance in real-world business scenarios. Students will enjoy the clarity and wit of the writing style and benefit from the quirky learning features and illustrations aManagerial economics. aVane, Howard R.